Представление документа в формате MARC21

ПолеНазваниеЗначение
  Тип записи a
  Библиографический уровень m
001 Контрольный номер RU\infra-m\znanium\bibl\2206009
005 Дата корректировки 20260429142239.0
008 Кодируемые данные 251223s2025 RU g rus u
020 Индекс ISBN __
a ISBN 978-5-16-019206-2
020 Индекс ISBN __
a ISBN 978-5-16-105377-5 (электр. издание)
040 Источник каталогиз. __
a Служба первич. каталог. Общество с ограниченной ответственностью «ЗНАНИУМ»
041 Код языка издания __
a Код языка текста rus
044 Код страны публикации __
a Код страны публикации RU
080 Индекс УДК __
a Индекс УДК 808(075.8)
084 Индекс другой классификации/Индекс ББК __
2 Источник индекса rubbk
a Индекс другой классификации/Индекс ББК 76я73
084 Индекс другой классификации/Индекс ББК __
2 Источник индекса okso
a Индекс другой классификации/Индекс ББК 42.03.01
084 Индекс другой классификации/Индекс ББК __
2 Источник индекса okso
a Индекс другой классификации/Индекс ББК 42.03.02
084 Индекс другой классификации/Индекс ББК __
2 Источник индекса okso
a Индекс другой классификации/Индекс ББК 42.03.03
084 Индекс другой классификации/Индекс ББК __
2 Источник индекса okso
a Индекс другой классификации/Индекс ББК 42.03.04
084 Индекс другой классификации/Индекс ББК __
2 Источник индекса okso
a Индекс другой классификации/Индекс ББК 42.03.05
100 Автор __
a Автор Сурикова Т.И.
q Полное имя Сурикова Татьяна Ивановна
u Дополнение Московский государственный университет им. М.В. Ломоносова, факультет журналистики
245 Заглавие __
a Заглавие Литературное редактирование текстов средств массовой информации
b Продолж. заглавия Учебное пособие
c Ответственность Московский государственный университет им. М.В. Ломоносова, факультет журналистики
250 Сведения об издании __
a Основные сведения об издании 1
260 Выходные данные __
a Место издания Москва
b Издательство ООО "Научно-издательский центр ИНФРА-М"
c Дата издания 2026
300 Физическое описание __
a Объем 152 с.
440 Серия __
a Серия Высшее образование
520 Аннотация __
a Аннотация В учебном пособии рассматривается процесс литературной подготовки текста СМИ к публикации аспекты редакторского анализа критерии оценки способы правки его содержания и языка в контексте массмедиа. Оно соответствует требованиям государственного стандарта отражает методы смысловой и стилистической работы с текстом и обобщает опыт преподавания дисциплины на факультете журналистики МГУ им. М.В. Ломоносова. Богатый иллюстративный материал дает представление о практике современных российских СМИ. Учебное пособие соответствует требованиям Федерального государственного образовательного стандарта высшего образования последнего поколения. Предназначено для бакалавров обучающихся по направлениям подготовки «Журналистика» и «Связи с общественностью» может быть использовано в магистратуре а также при обучении студентов других специальностей профессиональной работе с текстом.
521 Примеч. о цел. назн. __
a Примеч. о целев. назн. ВО - Бакалавриат
650 Тематические рубрики __
a Основная рубрика Филологические науки
x Основная подрубрика Русский язык
655 Указ. предметных рубрик (устаревшее) __
a Жанр/ форма (устаревшее) Учебное пособие
856 Электронный адрес документа 4_
a Имя сервера/домена znanium.ru
m Помощь ebs_support@infra-m.ru
n Местонахождение сервера НИЦ ИНФРА-М
u URL https://znanium.ru/catalog/document?id=467324
856 Электронный адрес документа 48
a Имя сервера/домена znanium.ru
d Путь /cover/2206
f Электронное имя 2206009.jpg
q Тип электронного формата image/jpeg
u URL https://znanium.ru/cover/2206/2206009.jpg
911 __
u 0030=https://znanium.ru/catalog/document?id=467324